Don't Panic by Coldplay - Lyrics - Statistiques

Statistiques générales
  • Ce quiz a été pris 33 fois
  • Le résultat moyen est 89 sur 118
Statistiques - réponses
Réponse % Correct
a
100%
do
100%
I
100%
world
100%
in
94%
live
94%
we
94%
We
94%
Yeah
94%
yeah
94%
all
88%
All
88%
beautiful
88%
for
82%
for)
82%
like
71%
to
65%
And
59%
Bones
59%
know
59%
of
59%
stones
59%
that
59%
us
59%
on
53%
places
53%
sinking
53%
'cause
47%
done
47%
(done
47%
grown
47%
here
47%
nothing
47%
we've
47%
are
41%
fought
41%
from
41%
Homes
41%
homes
41%
run
41%
somebody
41%
everybody
35%
lean
35%
Oh
35%
got
29%
here's
29%
There's
12%
Aucun quiz correspondant
Distribution des résultats
% des personnes avec chaque résultat
Percentile par nombre de réponses
Votre historique - résultats
Vous n’avez pas pris ce quiz